| 000 | 00655nam a2200229 a 4500 | ||
|---|---|---|---|
| 999 |
_c1181 _d1181 |
||
| 001 | 1181 | ||
| 003 | BD-JhCC | ||
| 005 | 20171016155428.0 | ||
| 008 | 171016s2004 b ||||| |||| 00| 0 b d | ||
| 020 | _a9844611838 | ||
| 035 | _a(BD-JhCC)1181 | ||
| 040 |
_aBD-JhCC _dBD-JhCC |
||
| 041 | _aben | ||
| 082 |
_223 _a891.4435 _bRAH 2004 |
||
| 100 | _aরহমান, ফরিদুর | ||
| 245 |
_aসুন্দরী ও কাঁকড়া / _cফরিদুর রহমান, |
||
| 260 |
_aঢাকা : _bগতিধারা, _c২০০৪ |
||
| 300 |
_a71 p. : _c22cm. |
||
| 650 | _aShort Stories | ||
| 942 |
_2ddc _cBK |
||